=LDR 00000nam 2200000 4500 =001 001153 =005 20250710112614 =035 ##$$a 0010-0725000021 =007 ta =008 250710################a##########0#ind## =020 ##$$a 978-623-307-350-9 =082 ##$$a PB 398.209. 598 RAM b =084 ##$$a PB 398.209. 598 RAM b RAM b =100 1#$$a Ramesh =245 1#$$a Bintang di Langit Malam /$c Sandhya Ramesh =250 ##$$a Cetakan Pertam =260 ##$$a Rawamangun :$b Badan Pengembangan dan Pembinaan Bahasa,$c 2022 =300 ##$$a 24 : $b ilus. ; $c 21 cm =650 #4$$a cerita anak-terjemahan =650 #4$$a literasi-bahan bacaan